[Event "Tourn. n10320"]
[Site "www.chess-mail.com"]
[Date "2020.04.15"]
[Round "1"]
[White "Ll69"]
[Black "Piekki"]
[WhiteElo "2450"]
[BlackElo "2310"]
[Result "1-0"]
[Round "1"]
1.d4 Ng8f6
2.c4 g6
3.Nb1c3 Bf8g7
4.e4 d6
5.Ng1f3 O-O
6.Bf1e2 e5
7.d5 c6
8.O-O Nf6e8
9.Bc1g5 f6
10.Bg5e3 f5
11.exf5 gxf5
12.Be3g5 Ne8f6
13.Qd1d2 c5
14.a3 Qd8a5
15.Be2d3 Nb8a6
16.Nf3h4 Nf6h5
17.Ra1e1 Bg7f6
18.Bg5xf6 Rf8xf6
19.Qd2g5 { resign }
1-0

[Event "Match"]
[Site "www.echecsemail.com"]
[Date "2020.04.15"]
[Round "1"]
[White "Gambittiger"]
[Black "Whitekknight"]
[WhiteElo "2100"]
[BlackElo "1840"]
[Result "1-0"]
[Round "1"]
1.Ng1f3 Ng8f6
2.b4 d5
3.Bc1b2 Nb8d7
4.e3 c6
5.c4 e6
6.a3 Bf8d6
7.d4 O-O
8.Nb1d2 Nf6e4
9.Bf1d3 Ne4xd2
10.Nf3xd2 dxc4
11.Nd2xc4 Bd6e7
12.O-O Be7f6
13.Qd1c2 h6
14.Rf1d1 Rf8e8
15.Ra1c1 Nd7f8
16.Bd3e4 Bc8d7
17.Nc4d6 Re8e7
18.Nd6xb7 Qd8c7
19.Nb7a5 Ra8c8
20.Na5xc6 Bd7xc6
21.Qc2xc6 Qc7xc6
22.Rc1xc6 Rc8xc6
23.Be4xc6 Re7c7
24.Rd1c1 Nf8g6
25.Bc6e4 Rc7d7
26.Be4xg6 fxg6
27.b5 Rd7b7
28.a4 Bf6e7
29.Rc1c6 Kf7
30.Kf1 Rb7d7
31.Ke2 g5
32.e4 g6
33.d5 exd5
34.e5 Kg7
35.e6 { resign }
1-0

[Event "Tourn. n10305"]
[Site "www.chess-mail.com"]
[Date "2020.04.16"]
[Round "1"]
[White "Roque1"]
[Black "Osopanda"]
[WhiteElo "1920"]
[BlackElo "1800"]
[Result "1-0"]
[Round "1"]
1.e4 e5
2.Ng1f3 Nb8c6
3.Bf1b5 d6
4.O-O Ng8f6
5.Nb1c3 Bc8e6
6.d4 exd4
7.Nf3xd4 Be6d7
8.Bc1g5 Bf8e7
9.Bb5xc6 bxc6
10.Qd1d3 O-O
11.Nd4f5 Bd7xf5
12.exf5 Rf8e8
13.Ra1e1 Nf6d7
14.Bg5xe7 Re8xe7
15.Re1e3 Nd7e5
16.Qd3a6 Ne5d7
17.Re3xe7 Qd8xe7
18.Qa6xc6 Ra8e8
19.Qc6xc7 a6
20.Nc3d5 Qe7d8
21.Qc7xd6 Nd7f6
22.Nd5xf6 Qd8xf6
23.Qd6xf6 gxf6
24.c4 Kf8
25.Rf1d1 Re8b8
26.b3 Rb8b6
27.c5 Rb6c6
28.b4 Ke7
29.g4 h5
30.gxh5 Kf8
31.Rd1d6 { resign }
1-0

[Event "Tourn. n10340"]
[Site "www.chess-mail.com"]
[Date "2020.04.16"]
[Round "1"]
[White "Ket"]
[Black "Osopanda"]
[WhiteElo "2100"]
[BlackElo "1860"]
[Result "1-0"]
[Round "1"]
1.e4 c5
2.Ng1f3 d6
3.d4 cxd4
4.Nf3xd4 Ng8f6
5.Nb1c3 a6
6.Bc1e3 e5
7.Nd4b3 Bc8e6
8.f3 Nb8d7
9.Qd1d2 b5
10.O-O-O Nd7b6
11.g4 Bf8e7
12.h4 Ra8c8
13.Kb1 Nb6c4
14.Bf1xc4 bxc4
15.Nb3c1 O-O
16.h5 Nf6d7
17.g5 Qd8a5
18.g6 Nd7f6
19.h6 Rf8d8
20.gxh7 Kxh7
21.hxg7 Kxg7
22.Be3h6 Kg8
23.Rd1g1 { resign }
1-0

[Event "Tourn. n10323"]
[Site "www.chess-mail.com"]
[Date "2020.04.16"]
[Round "1"]
[White "Seger"]
[Black "D4minance"]
[WhiteElo "2780"]
[BlackElo "2890"]
[Result "1/2-1/2"]
[Round "1"]
1.c4 e6
2.d4 d5
3.cxd5 exd5
4.Nb1c3 c6
5.Bc1f4 Ng8f6
6.e3 Bc8f5
7.Ng1f3 Bf8e7
8.Nf3e5 Nb8d7
9.Bf1d3 Bf5xd3
10.Ne5xd3 h6
11.O-O O-O
12.h3 Nf6e4
13.Nc3xe4 dxe4
14.Nd3e5 Nd7xe5
15.Bf4xe5 Qd8d5
16.Qd1d2 c5
17.Ra1d1 Rf8d8
18.Qd2a5 c4
19.Qa5xd5 Rd8xd5
20.a4 Ra8c8
21.g4 f6
22.Be5g3 b5
23.axb5 Rd5xb5
24.Rd1d2 Rb5b3
25.d5 Rb3d3
26.Rd2c2 Rd3xd5
27.Rf1c1 Rd5c5
28.Rc1d1 a5
29.Rd1d4 c3
{ draw }
1/2-1/2

[Event "Match"]
[Site "www.echecsemail.com"]
[Date "2020.04.16"]
[Round "1"]
[White "Patriciomeza"]
[Black "Johndyson"]
[WhiteElo "1809"]
[BlackElo "2619"]
[Result "0-1"]
[Round "1"]
1.e4 c6
2.d4 d5
3.Nb1d2 dxe4
4.Nd2xe4 Bc8f5
5.Ne4g3 Bf5g6
6.h4 h6
7.Ng1f3 Nb8d7
8.h5 Bg6h7
9.Bf1d3 Bh7xd3
10.Qd1xd3 e6
11.Bc1d2 Ng8f6
12.O-O-O Bf8e7
13.Kb1 Qd8b6
14.c4 O-O
15.Bd2f4 Qb6a5
16.Qd3e2 Ra8d8
17.Nf3h4 Rd8e8
18.f3 Qa5d8
19.Bf4c1 b5
20.c5 Qd8c7
21.Ng3e4 Nf6xe4
22.fxe4 Be7xh4
23.Rh1xh4 e5
24.d5 Nd7xc5
25.Bc1e3 cxd5
 { time }
0-1

[Event "Level 6 n°3"]
[Site "www.echecsemail.com"]
[Date "2020.04.16"]
[Round "1"]
[White "Ket"]
[Black "Rons"]
[WhiteElo "2090"]
[BlackElo "2640"]
[Result "0-1"]
[Round "1"]
1.e4 c5
2.Ng1f3 d6
3.d4 cxd4
4.Nf3xd4 Ng8f6
5.Nb1c3 a6
6.Bc1e3 e5
7.Nd4b3 Bc8e6
8.f3 h5
9.Qd1d2 Nb8d7
10.O-O-O Bf8e7
11.Bf1e2 Ra8c8
12.Kb1 b5
13.Rh1g1 Nd7b6
14.Be3xb6 Qd8xb6
15.g4 hxg4
16.fxg4 Rc8xc3
{ resign }
0-1

[Event "Tourn. n10242"]
[Site "www.chess-mail.com"]
[Date "2020.04.16"]
[Round "1"]
[White "Osopanda"]
[Black "Yakke"]
[WhiteElo "1610"]
[BlackElo "1690"]
[Result "1-0"]
[Round "1"]
1.d4 d5
2.c4 e6
3.Nb1c3 Bf8b4
4.Qd1c2 Bb4xc3
5.bxc3 c6
6.Ng1f3 h6
7.cxd5 cxd5
8.e4 Ng8f6
9.e5 Nf6d7
10.Bf1b5 a6
11.Bb5a4 O-O
12.Bc1e3 Nd7b6
13.Ba4b3 Bc8d7
14.O-O Bd7b5
15.Rf1c1 Bb5c4
16.Bb3xc4 Nb6xc4
17.Be3f4 Nc4a3
18.Qc2e2 Nb8c6
19.Qe2b2 Qd8e7
20.Nf3d2 b5
21.Nd2b3 Na3c4
22.Qb2e2 Nc6a5
23.Nb3xa5 Nc4xa5
24.Rc1c2 Ra8c8
25.a4 Qe7h4
26.Bf4g3 Qh4d8
27.axb5 Qd8b6
28.bxa6 Na5b3
29.Ra1b1 Rc8b8
30.h3 Rb8a8
31.Rc2b2 Rf8b8
32.c4 Nb3xd4
33.Qe2d2 Qb6a7
34.Rb2xb8 Ra8xb8
35.Rb1xb8 Qa7xb8
36.Qd2xd4 Qb8b1
37.Kh2 Qb1a2
38.cxd5 exd5
39.a7 Qa2a5
40.f4 Qa5a2
41.f5 Qa2a5
42.e6 fxe6
43.fxe6 Qa5d8
44.Bg3b8 Qd8a5
45.Qd4f4 Qa5b6
46.a8Q Qb6xe6
47.Bb8e5 Kh7
48.Qa8f8 Qe6g8
49.Qf8f5 g6
50.Qf5f7 Qg8xf7
51.Qf4xf7 
1-0

[Event "Tourn. n10355"]
[Site "www.chess-mail.com"]
[Date "2020.04.16"]
[Round "1"]
[White "Ket"]
[Black "Amaya"]
[WhiteElo "2100"]
[BlackElo "1960"]
[Result "1-0"]
[Round "1"]
1.e4 e6
2.d4 d5
3.Nb1c3 Bf8b4
4.exd5 Qd8xd5
5.Ng1f3 Nb8c6
6.Bc1d2 Ng8f6
7.Nc3xd5 { resign }
1-0

[Event "Tourn. n10339"]
[Site "www.chess-mail.com"]
[Date "2020.04.16"]
[Round "1"]
[White "Sorim"]
[Black "Hundegana"]
[WhiteElo "2220"]
[BlackElo "2020"]
[Result "1-0"]
[Round "1"]
1.d4 f5
2.Ng1f3 e6
3.Nb1c3 Ng8f6
4.e3 Bf8b4
5.Bc1d2 O-O
6.Bf1c4 Kh8
7.a3 Bb4xc3
8.Bd2xc3 d5
9.Bc4e2 Nb8d7
10.O-O c6
11.Bc3b4 Rf8e8
12.Nf3g5 Kg8
13.c4 a5
14.Bb4d6 h6
15.Ng5f3 b6
16.b4 Nf6e4
17.Bd6g3 Ne4c3
18.Qd1c2 Nc3xe2
19.Qc2xe2 a4
20.cxd5 cxd5
21.Rf1c1 Bc8a6
22.b5 Ba6b7
23.Rc1c7 Ra8a7
24.Ra1c1 g5
25.Nf3e5 Nd7xe5
26.Bg3xe5 Re8e7
27.Qe2h5 Kh7
28.Rc7xe7 Qd8xe7
29.Rc1c7 Qe7xc7
30.Be5xc7 Bb7c8
31.Qh5f7 Kh8
32.Bc7e5 { resign }
1-0

[Event "Tourn. n10316"]
[Site "www.chess-mail.com"]
[Date "2020.04.16"]
[Round "1"]
[White "Andychesston"]
[Black "Osopanda"]
[WhiteElo "1930"]
[BlackElo "1810"]
[Result "1-0"]
[Round "1"]
1.e4 c5
2.Ng1f3 Nb8c6
3.d4 cxd4
4.Nf3xd4 e5
5.Nd4f5 d6
6.Nf5e3 Bc8e6
7.Bf1c4 Be6xc4
8.Ne3xc4 Ng8f6
9.Bc1g5 Bf8e7
10.Bg5xf6 gxf6
11.c3 Qd8d7
12.O-O O-O-O
13.Nb1d2 d5
14.Nc4e3 d4
15.cxd4 Nc6xd4
16.Ne3d5 Kb8
17.Kh1 f5
18.Nd2c4 fxe4
19.Nc4e3 Be7g5
20.Ra1c1 Bg5xe3
21.Nd5xe3 Qd7e6
22.Qd1h5 f5
23.Rc1c5 Rd8c8
24.Rc5xc8 Kxc8
25.Rf1c1 Nd4c6
26.Ne3xf5 Rh8e8
27.Qh5xe8 Qe6xe8
28.Nf5d6 Kd7
29.Nd6xe8 Kxe8
30.Rc1e1 { resign }
1-0

[Event "Tourn. n10337"]
[Site "www.chess-mail.com"]
[Date "2020.04.17"]
[Round "1"]
[White "Sonny1000"]
[Black "Alphacygni"]
[WhiteElo "1670"]
[BlackElo "1499"]
[Result "0-1"]
[Round "1"]
1.e4 c6
2.Ng1f3 d5
3.e5 Bc8g4
4.e6 Bg4xe6
5.Nf3e5 Nb8d7
6.Ne5xd7 Be6xd7
7.d4 Ng8f6
8.f3 e6
9.Qd1e2 c5
10.Qe2e5 Qd8b6
11.dxc5 Bf8xc5
12.Qe5g5 Bc5f2
13.Kd1 O-O
14.Qg5d2 Ra8c8
15.b3 Bf2d4
16.Bc1a3 Bd4xa1
17.Ba3xf8 Kxf8
18.Qd2f4 Qb6d4
19.Qf4xd4 Ba1xd4
20.a4 e5
21.Bf1d3 e4
22.fxe4 dxe4
23.Bd3e2 Nf6g4
24.Rh1f1 Ng4e3
25.Ke1 Ne3xf1
26.Kxf1 Rc8xc2
27.a5 Rc2c1
28.Be2d1 Rc1xd1
29.Ke2 Bd7g4

0-1

[Event "Match"]
[Site "www.echecsemail.com"]
[Date "2020.04.17"]
[Round "1"]
[White "Paco"]
[Black "Roque1"]
[WhiteElo "1700"]
[BlackElo "1930"]
[Result "1-0"]
[Round "1"]
1.e4 c5
2.Bf1c4 e6
3.Qd1f3 Nb8c6
4.d3 g6
5.Nb1c3 Bf8g7
6.Nc3b5 Bg7e5
7.Bc1f4 Nc6d4
8.Nb5xd4 Be5xd4
9.c3 Qd8a5
10.Ng1e2 Bd4g7
11.O-O b5
12.e5 Ra8b8
13.Bc4b3 Ng8e7
14.Qf3e3 c4
15.dxc4 bxc4
16.Bb3xc4 O-O
17.b4 Bc8a6
18.bxa5 { resign }
1-0

[Event "Tourn. n10320"]
[Site "www.chess-mail.com"]
[Date "2020.04.17"]
[Round "1"]
[White "Piekki"]
[Black "Romaamor69"]
[WhiteElo "2310"]
[BlackElo "2400"]
[Result "0-1"]
[Round "1"]
1.e4 c5
2.Ng1f3 d6
3.d4 cxd4
4.Nf3xd4 Ng8f6
5.Nb1c3 a6
6.Bf1e2 e5
7.Nd4b3 Bf8e7
8.O-O O-O
9.a4 Nb8c6
10.Bc1e3 Bc8e6
11.Qd1e1 Nc6b4
12.Qe1d2 Ra8c8
13.Ra1d1 d5
14.exd5 Nf6xd5
15.Nc3xd5 Nb4xd5
16.Be2f3 Nd5xe3
17.Qd2xe3 Qd8c7
18.Rd1d2 h6
19.Qe3e4 Be7g5
20.Rf1c1 Be6xb3
{ resign }
0-1

[Event "Level 6 n°3"]
[Site "www.echecsemail.com"]
[Date "2020.04.17"]
[Round "1"]
[White "Piekki"]
[Black "Rons"]
[WhiteElo "2310"]
[BlackElo "2640"]
[Result "0-1"]
[Round "1"]
1.e4 c5
2.Ng1f3 d6
3.d4 cxd4
4.Nf3xd4 Ng8f6
5.Nb1c3 a6
6.Bf1e2 e5
7.Nd4b3 Bf8e7
8.Bc1e3 Bc8e6
9.f4 exf4
10.Be3xf4 Nb8c6
11.Qd1d2 O-O
12.O-O-O Nc6e5
13.Nc3d5 Nf6xe4
{ resign }
0-1

[Event "Tourn. n10329"]
[Site "www.chess-mail.com"]
[Date "2020.04.17"]
[Round "1"]
[White "Malbertan"]
[Black "Liencam2"]
[WhiteElo "2070"]
[BlackElo "2230"]
[Result "0-1"]
[Round "1"]
1.e4 c5
2.d4 cxd4
3.Ng1f3 e6
4.Nf3xd4 a6
5.Nb1c3 Qd8c7
6.Bc1e3 Bf8b4
7.Qd1d3 Ng8f6
8.f3 d5
9.O-O-O e5
10.Nc3xd5 Nf6xd5
11.Qd3b3 Nd5xe3
12.Qb3xe3 Bb4c5
13.Qe3c3 exd4
14.Rd1xd4 Bc5d6
15.Qc3d2 Bd6f4
16.Rd4d8 Qc7xd8
17.Qd2xf4 Nb8c6
18.Bf1c4 O-O
19.Rh1d1 Qd8e7
{ resign }
0-1

[Event "Match"]
[Site "www.echecsemail.com"]
[Date "2020.04.17"]
[Round "1"]
[White "Apdash"]
[Black "Emmanuel69"]
[WhiteElo "2240"]
[BlackElo "1930"]
[Result "0-1"]
[Round "1"]
1.e4 c6
2.d4 d5
3.exd5 cxd5
4.Ng1f3 Ng8f6
5.Bf1e2 e6
6.O-O Bf8e7
7.c4 dxc4
8.Be2xc4 O-O
9.Nb1c3 a6
10.Qd1e2 Nb8c6
11.Bc1e3 h6
12.Rf1d1 Nc6a5
13.Bc4d3 Nf6d5
14.Be3d2 Nd5xc3
15.bxc3 b5
16.a4 Na5b3
17.Ra1a2 Nb3xd2
18.Rd1xd2 bxa4
19.Ra2xa4 Qd8b6
 { time }
0-1

[Event "Match"]
[Site "www.echecsemail.com"]
[Date "2020.04.17"]
[Round "1"]
[White "Guidom"]
[Black "Apdash"]
[WhiteElo "2130"]
[BlackElo "2260"]
[Result "1-0"]
[Round "1"]
1.e4 c5
2.Ng1f3 Nb8c6
3.c4 d6
4.Nb1c3 Ng8f6
5.d3 Bc8g4
6.Bf1e2 e5
7.O-O Bf8e7
8.h3 Bg4h5
9.a3 O-O
10.Bc1d2 Bh5xf3
11.Be2xf3 Nc6d4
12.Bd2e3 a6
13.Be3xd4 cxd4
14.Nc3d5 b5
15.cxb5 Nf6xd5
16.exd5 axb5
17.Qd1b3 Ra8b8
18.Qb3b4 Qd8d7
19.Rf1c1 Rf8c8
20.Kf1  { time }
1-0

[Event "Tourn. n10320"]
[Site "www.chess-mail.com"]
[Date "2020.04.17"]
[Round "1"]
[White "Ll69"]
[Black "Urbe69"]
[WhiteElo "2450"]
[BlackElo "2440"]
[Result "1/2-1/2"]
[Round "1"]
1.d4 Ng8f6
2.c4 g6
3.Nb1c3 Bf8g7
4.e4 d6
5.Ng1f3 O-O
6.Bf1e2 e5
7.dxe5 dxe5
8.Qd1xd8 Rf8xd8
9.Bc1g5 Rd8e8
10.Bg5xf6 Bg7xf6
11.Nc3d5 Bf6d8
12.O-O c6
13.Nd5c3 Bc8g4
{ draw }
1/2-1/2

[Event "Tourn. n10305"]
[Site "www.chess-mail.com"]
[Date "2020.04.17"]
[Round "1"]
[White "Johnmcbride"]
[Black "Roque1"]
[WhiteElo "1820"]
[BlackElo "1900"]
[Result "0-1"]
[Round "1"]
1.e4 c5
2.c4 e6
3.d3 Nb8c6
4.Ng1f3 g6
5.a3 Bf8g7
6.Nb1c3 Ng8e7
7.Bc1e3 O-O
8.Ra1a2 a6
9.Be3xc5 Qd8a5
10.Bc5xe7 Nc6xe7
11.Qd1c2 d5
12.b4 Qa5b6
13.exd5 exd5
14.c5 Qb6f6
15.Bf1e2 Bc8g4
16.O-O Qf6xc3
17.h3 Bg4e6
18.Nf3g5 Ne7f5
19.Ng5xe6 fxe6
20.Qc2b1 Nf5d4
21.Be2g4 Nd4f5
22.Rf1c1 Qc3d4
23.Bg4xf5 Rf8xf5
24.Rc1f1 Ra8f8
25.Qb1e1 Rf5e5
26.Ra2e2 Re5f5
27.Re2e3 Bg7e5
28.Re3e2 Be5g3
29.Re2xe6 Bg3xf2
30.Rf1xf2 Rf5xf2
31.Kh2 Qd4f4
32.Kg1 Rf2f1
33.Qe1xf1 Qf4xf1
34.Kh2 Rf8f2
35.Re6e8 Kf7
36.Re8b8 Qf1xg2

0-1

[Event "Tourn. n10333"]
[Site "www.chess-mail.com"]
[Date "2020.04.17"]
[Round "1"]
[White "Ket"]
[Black "Dussek"]
[WhiteElo "2130"]
[BlackElo "1970"]
[Result "1-0"]
[Round "1"]
1.e4 e6
2.Ng1f3 c5
3.d4 cxd4
4.Nf3xd4 a6
5.Nb1c3 Qd8c7
6.Bc1e3 Nb8c6
7.Qd1d2 d6
8.O-O-O Ng8e7
9.f3 g6
10.g4 Bf8g7
11.Kb1 O-O
12.h4 Nc6e5
13.h5 Bc8d7
14.hxg6 fxg6
15.Bf1e2 Ne5c4
16.Be2xc4 Qc7xc4
17.Qd2h2 Kf7
18.Qh2xd6 Ra8d8
19.Rh1xh7 Rf8g8
20.Be3h6 e5
21.Qd6xe5 Kf8
22.Rh7xg7 { resign }
1-0

[Event "Tourn. n10297"]
[Site "www.chess-mail.com"]
[Date "2020.04.17"]
[Round "1"]
[White "Ff333"]
[Black "Rcdamaceanu"]
[WhiteElo "2000"]
[BlackElo "2010"]
[Result "0-1"]
[Round "1"]
1.e4 e5
2.Ng1f3 d6
3.a3 f5
4.d3 Ng8f6
5.Bc1g5 Bf8e7
6.Nb1c3 Nb8c6
7.Bf1e2 O-O
8.Bg5xf6 Be7xf6
9.Nc3d5 Bc8e6
10.Nd5xf6 Qd8xf6
11.c3 d5
12.Qd1c2 g5
13.h3 g4
14.Nf3d2 fxe4
15.Rh1f1 gxh3
16.O-O-O hxg2
17.Rf1g1 Qf6g6
18.dxe4 Rf8xf2
19.Be2d3 Qg6h6
20.Kb1 Nc6a5
21.Qc2c1 Ra8d8
22.Nd2f1 Qh6xc1
23.Rd1xc1 Kh8
24.Nf1e3 Na5b3
25.Rc1c2 d4
26.Rc2xf2 dxe3
27.Rf2xg2 Rd8xd3
28.Rg2g7 e2
29.Kc2 Rd3d2
30.Kb1 Rd2d8
31.Kc2 Rd8d2
32.Kb1 a5
33.Rg7g5 Rd2d1
{ resign }
0-1

[Event "Tourn. n10345"]
[Site "www.chess-mail.com"]
[Date "2020.04.18"]
[Round "1"]
[White "Francesco"]
[Black "Ket"]
[WhiteElo "2020"]
[BlackElo "2090"]
[Result "0-1"]
[Round "1"]
1.e4 c5
2.Ng1f3 Nb8c6
3.d4 cxd4
4.Nf3xd4 Ng8f6
5.Nb1c3 e5
6.Nd4f3 Bf8b4
7.Qd1d3 d6
8.Bc1d2 O-O
9.O-O-O Qd8c7
10.Bf1e2 Bc8e6
11.Nc3d5 Bb4xd2
12.Rd1xd2 Be6xd5
13.exd5 Nc6b4
14.Qd3c4 Qc7a5
15.a3 Nb4xd5
16.Rh1d1 Ra8c8
17.Qc4b3 Nd5f4
18.Be2f1 Nf6e4
19.Rd2xd6 Ne4xd6
20.Rd1xd6 e4
21.Nf3g5 Qa5xg5
{ resign }
0-1

[Event "Match"]
[Site "www.echecsemail.com"]
[Date "2020.04.18"]
[Round "1"]
[White "Chapi"]
[Black "Apdash"]
[WhiteElo "2110"]
[BlackElo "2220"]
[Result "1-0"]
[Round "1"]
1.d4 d5
2.c4 e6
3.cxd5 exd5
4.Nb1c3 Ng8f6
5.Ng1f3 Bc8g4
6.Nf3e5 c6
7.Ne5xg4 Nf6xg4
8.e4 Ng4f6
9.e5 Nf6e4
10.Bf1d3 f5
11.f3 Qd8h4
12.g3 Ne4xg3
13.hxg3 Qh4xh1
14.Kd2 Qh1g2
15.Nc3e2 Bf8b4
16.Ke3 O-O
17.Qd1b3 Bb4e1
18.Qb3xb7 g5
19.Bd3b1 Qg2f2
20.Kd3 Qf2xf3
21.Kc2 Qf3xe2
22.Kb3  { time }
1-0

[Event "Match"]
[Site "www.echecsemail.com"]
[Date "2020.04.18"]
[Round "1"]
[White "Cal"]
[Black "Carazo"]
[WhiteElo "1710"]
[BlackElo "1810"]
[Result "1-0"]
[Round "1"]
1.c4 e5
2.e4 Ng8f6
3.d3 Bf8b4
4.Bc1d2 Bb4c5
5.Nb1c3 d6
6.h3 c6
7.Ng1f3 O-O
8.a3 Bc5xf2
9.Kxf2 Qd8b6
10.Bd2e3 Qb6xb2
11.Nc3e2 c5
12.Be3d2 Qb2b6
13.Ne2g3 g6
14.Nf3h2 Qb6b2
15.Bf1e2 Qb2d4
16.Bd2e3 Qd4b2
17.Rh1f1 Qb2b6
18.Qd1d2 Qb6d8
19.Be3g5 Nb8d7
20.Kg1 Kg7
21.Nh2g4 h5
22.Ng4h6 Rf8h8
23.Bg5xf6 Kh7
24.Nh6xf7 Qd8f8
25.Bf6xh8 Qf8e7
26.Qd2h6 { resign }
1-0

[Event "Match"]
[Site "www.echecsemail.com"]
[Date "2020.04.18"]
[Round "1"]
[White "Paco"]
[Black "Mb20"]
[WhiteElo "1720"]
[BlackElo "1809"]
[Result "1-0"]
[Round "1"]
1.e4 c5
2.Bf1c4 e6
3.d3 d5
4.exd5 exd5
5.Bc4b5 Nb8c6
6.Ng1f3 Bc8d7
7.Nb1c3 d4
8.Nc3d5 Qd8a5
9.Bc1d2 Qa5d8
10.O-O Bf8d6
11.Rf1e1 Ng8e7
12.Bd2g5 f6
13.Bg5h4 O-O
14.Nd5xe7 Nc6xe7
15.Bb5c4 Kh8
16.c3 Ne7g6
17.Bh4g3 Bd6xg3
18.fxg3 Rf8e8
19.cxd4 cxd4
20.Bc4f7 Re8xe1
21.Qd1xe1 Bd7e8
22.Bf7xe8 Qd8xe8
23.Nf3xd4 Ng6e5
24.Qe1c3 Ra8c8
25.Qc3b3 Qe8d7
26.Nd4f3 Ne5xf3
27.gxf3 Qd7d4
28.Kg2 b6
29.Ra1e1 h6
30.Re1e4 Qd4d7
31.d4 Qd7c7
32.d5 Rc8d8
33.Re4d4 Qc7e5
34.Qb3d3 Rd8d6
35.f4 Qe5e8
36.Kf3 Qe8d8
37.b4 Qd8d7
38.b5 Qd7h3
39.Qd3e2 Qh3d7
40.a4 Qd7d8
41.Qe2e4 Qd8d7
42.h4  { time }
1-0

[Event "Match"]
[Site "www.echecsemail.com"]
[Date "2020.04.18"]
[Round "1"]
[White "Gimmyg"]
[Black "Apdash"]
[WhiteElo "2570"]
[BlackElo "2220"]
[Result "1-0"]
[Round "1"]
1.Ng1f3 Ng8f6
2.c4 c5
3.d4 cxd4
4.Nf3xd4 g6
5.Nb1c3 Bf8g7
6.e4 O-O
7.Bf1e2 Nb8c6
8.Bc1e3 e6
9.O-O a6
10.Qd1d2 Nc6xd4
11.Be3xd4 Qd8c7
12.c5 Rf8d8
13.e5 Nf6e8
14.Nc3a4 f6
15.Na4b6 Ra8b8
16.Qd2e3 fxe5
17.Bd4c3 d5
18.cxd6 Qc7xd6
19.Rf1d1 Qd6e7
20.Bc3xe5 Bg7xe5
21.Qe3xe5 Rd8xd1
22.Ra1xd1  { time }
1-0

[Event "1/64 Finale"]
[Site "www.chess-mail.com"]
[Date "2020.04.18"]
[Round "1"]
[White "Odin"]
[Black "Osopanda"]
[WhiteElo "1790"]
[BlackElo "1720"]
[Result "0-1"]
[Round "1"]
1.d4 d5
2.c4 c6
3.Ng1f3 Ng8f6
4.Bc1g5 e6
5.e3 Bf8e7
6.Bf1d3 Nb8d7
7.Qd1c2 O-O
8.cxd5 exd5
9.Nb1d2 Rf8e8
10.Nf3e5 Nf6e4
11.Bg5xe7 Qd8xe7
12.Bd3xe4 dxe4
13.Nd2xe4 Nd7xe5
14.dxe5 Qe7xe5
15.O-O Qe5xe4
16.Qc2e2 Bc8e6
17.Rf1e1 Be6d5
18.f3 Qe4g6
19.e4 Bd5e6
20.e5 Ra8d8
21.Ra1d1 Rd8xd1
22.Re1xd1 Be6xa2
23.f4 Ba2d5
24.g3 f6
25.Qe2f2 fxe5
26.f5 Qg6h5
27.Rd1f1 Qh5h3
28.Rf1d1 Re8f8
29.Rd1xd5 cxd5
30.b4 Rf8c8
31.Qf2d2 d4
32.f6 gxf6
33.Qd2a2 Kg7
34.Qa2d2 Rc8c3
35.b5 a5
36.bxa6 bxa6
37.g4 Rc3d3
38.Qd2e2 Rd3e3
39.Qe2f2 Qh3xg4
40.Kh1 Re3e2
41.Qf2g3 Qg4xg3
42.hxg3 d3
{ resign }
0-1

[Event "Match"]
[Site "www.echecsemail.com"]
[Date "2020.04.18"]
[Round "1"]
[White "Liencam2"]
[Black "Silverking"]
[WhiteElo "2210"]
[BlackElo "2210"]
[Result "1-0"]
[Round "1"]
1.e4 c5
2.Ng1f3 Nb8c6
3.d4 cxd4
4.Nf3xd4 Ng8f6
5.Nd4xc6 bxc6
6.Bf1d3 e6
7.O-O Bf8e7
8.Nb1c3 O-O
9.e5 Nf6e8
10.Qd1h5 g6
11.Qh5g4 f5
12.Qg4e2 Ne8c7
13.f4 a5
14.Bc1e3 Bc8a6
15.Ra1d1 Ba6xd3
16.Rd1xd3 Nc7d5
17.Rf1d1 Qd8c7
18.Nc3a4 Rf8d8
19.c4 Nd5b4
20.Be3b6 Qc7b7
21.Bb6xd8 Ra8xd8
22.Rd3d2 Nb4xa2
23.b3 Qb7a7
24.Qe2f2 Qa7xf2
25.Kxf2 Na2b4
26.Rd2xd7 Rd8xd7
27.Rd1xd7 Be7f8
28.Na4b2 Bf8c5
29.Kf3 Nb4c2
30.Kg3 Bc5b4
31.Nb2d3 Bb4c3
32.Nd3c5 Nc2d4
33.Kf2 Bc3b4
34.Rd7xd4 Bb4xc5
35.Ke3 Kf8
36.Kd3 Ke8
37.Kc3 Bc5b4
38.Kc2 Ke7
39.h3 h6
40.Kd1 Bb4c5
41.Rd4d3 Bc5b4
42.Ke2 Bb4c5
43.Kf3 h5
44.g4 h4
45.Rd3d2 Bc5b4
46.Rd2g2 Kf7
47.gxf5 gxf5
48.Rg2g5 Bb4e7
49.Rg5h5 Kg7
50.Ke3 Be7d8
51.Kd3 Bd8e7
52.Kd4 Kg6
53.Rh5h8 Be7b4
54.Rh8c8 Bb4d2
55.Rc8xc6 Kf7
56.Rc6d6 Bd2xf4
57.c5 { resign }
1-0

[Event "Tourn. n10338"]
[Site "www.chess-mail.com"]
[Date "2020.04.18"]
[Round "1"]
[White "Jerome"]
[Black "Dahlia"]
[WhiteElo "2900"]
[BlackElo "2609"]
[Result "1-0"]
[Round "1"]
1.e4 a6
2.d4 d5
3.exd5 Qd8xd5
4.Nb1c3 Qd5d8
5.Ng1f3 Ng8f6
6.a4 Nb8c6
7.Bc1e3  { time }
1-0

[Event "Tourn. n10351"]
[Site "www.chess-mail.com"]
[Date "2020.04.18"]
[Round "1"]
[White "D4minance"]
[Black "Szustan"]
[WhiteElo "2880"]
[BlackElo "2740"]
[Result "1-0"]
[Round "1"]
1.d4 d5
2.Bc1f4 Ng8f6
3.e3 e6
4.Ng1f3 c5
5.Nb1d2 Bf8e7
6.c3 O-O
7.Nf3e5 Nf6d7
8.Bf1d3 Nd7xe5
9.dxe5 Nb8d7
10.h4 c4
11.Bd3xh7 { resign }
1-0

[Event "Match"]
[Site "www.echecsemail.com"]
[Date "2020.04.18"]
[Round "1"]
[White "Whitekknight"]
[Black "Azocarwagner"]
[WhiteElo "1880"]
[BlackElo "1850"]
[Result "0-1"]
[Round "1"]
1.e4 e5
2.Ng1f3 Nb8c6
3.Bf1c4 h6
4.Nb1c3 Ng8f6
5.O-O Bf8b4
6.a3 Bb4xc3
7.dxc3 Nf6xe4
8.Bc4d5 Ne4f6
9.Bd5xc6 bxc6
10.Rf1e1 d6
11.Nf3d4 c5
12.Nd4f3 e4
13.Nf3d2 d5
14.Qd1e2 O-O
15.b4 c4
16.f3 Bc8f5
17.Bc1b2 Rf8e8
18.fxe4 dxe4
19.Ra1d1 Bf5g4
20.Qe2xc4 Bg4e6
21.Qc4d4 Be6g4
22.Rd1c1 Qd8e7
23.Qd4e3 Nf6d5
24.Qe3d4 Re8d8
25.c4 Nd5f6
26.Qd4e3 Rd8d6
27.Qe3f4 Ra8d8
28.Bb2xf6 Rd6xf6
29.Nd2xe4 Rf6xf4
{ resign }
0-1

[Event "Match"]
[Site "www.echecsemail.com"]
[Date "2020.04.19"]
[Round "1"]
[White "Ditto"]
[Black "Mb20"]
[WhiteElo "1940"]
[BlackElo "1809"]
[Result "1-0"]
[Round "1"]
1.e4 c5
2.Bf1c4 e6
3.Ng1f3 Nb8c6
4.O-O a6
5.d3 b5
6.Bc4b3 Bc8b7
7.c3 d6
8.Nf3g5 h6
9.Qd1h5 g6
10.Qh5h3 Bf8e7
11.Ng5f3 g5
12.Qh3g4 Ng8f6
13.Qg4g3 Qd8c7
14.Nf3e1 O-O-O
15.Bc1e3 d5
16.Qg3xc7 Kxc7
17.exd5 exd5
18.Nb1d2 d4
19.cxd4 cxd4
20.Bb3xf7 dxe3
21.fxe3 Nc6e5
22.Bf7b3 Ne5xd3
23.Ne1xd3 Rd8xd3
24.Rf1c1 Kb6
25.Nd2f1 Be7c5
26.Rc1e1 Rh8e8
27.Bb3f7 Re8e7
28.Bf7g6 Rd3d6
29.Ra1c1 Nf6g4
30.Rc1c3 Bc5b4
31.Bg6h5 Bb4xc3
32.bxc3 Ng4f6
33.Bh5e2 Nf6d5
34.Re1c1 Nd5xe3
35.Nf1g3 Rd6d2
36.Rc1b1 Ka7
37.Kf2  { time }
1-0

[Event "Tourn. n10310"]
[Site "www.chess-mail.com"]
[Date "2020.04.19"]
[Round "1"]
[White "Seger"]
[Black "Patriciomeza"]
[WhiteElo "2780"]
[BlackElo "2370"]
[Result "1-0"]
[Round "1"]
1.d4 d5
2.c4 dxc4
3.e4 Ng8f6
4.e5 Nf6d5
5.Bf1xc4 Nd5b6
6.Bc4b3 Bc8f5
7.Nb1c3 e6
8.Ng1f3 Bf8e7
9.O-O O-O
10.Bc1e3 Nb8a6
11.a3 c5
12.Ra1c1 Ra8c8
13.h3 c4
14.Bb3c2 Na6c7
15.Bc2xf5 exf5
16.Nf3e1 Qd8d7
17.Qd1f3 Nc7d5
18.Ne1c2  { time }
1-0

[Event "Tourn. n10313"]
[Site "www.chess-mail.com"]
[Date "2020.04.19"]
[Round "1"]
[White "Apdash"]
[Black "Koudelka"]
[WhiteElo "2220"]
[BlackElo "2070"]
[Result "0-1"]
[Round "1"]
1.e4 e5
2.Ng1f3 Ng8f6
3.d3 Nb8c6
4.Bf1e2 Bf8e7
5.O-O O-O
6.h3 d5
7.exd5 Qd8xd5
8.Nb1c3 Qd5c5
9.Bc1e3 Nc6d4
10.Be3xd4 exd4
11.Nc3a4 Qc5a5
12.b3 Nf6d5
13.Nf3xd4 Be7f6
14.Nd4f3 Bf6xa1
15.Qd1xa1 Nd5f4
 { time }
0-1

[Event "Tourn. n10353"]
[Site "www.chess-mail.com"]
[Date "2020.04.19"]
[Round "1"]
[White "Ket"]
[Black "Bigrezi"]
[WhiteElo "2090"]
[BlackElo "2110"]
[Result "1-0"]
[Round "1"]
1.e4 c5
2.Ng1f3 d6
3.d4 cxd4
4.Nf3xd4 Ng8f6
5.Nb1c3 a6
6.Bc1e3 g6
7.f3 Bf8g7
8.Qd1d2 O-O
9.O-O-O Bc8d7
10.g4 b5
11.h4 e5
12.Nd4b3 Nf6e8
13.h5 Nb8c6
14.Qd2h2 b4
15.hxg6 fxg6
16.Nc3d5 a5
17.Bf1c4 Kh8
18.Qh2xh7 { resign }
1-0

[Event "Tourn. n10318"]
[Site "www.chess-mail.com"]
[Date "2020.04.19"]
[Round "1"]
[White "Ket"]
[Black "Osopanda"]
[WhiteElo "1669"]
[BlackElo "1810"]
[Result "1/2-1/2"]
[Round "1"]
1.e4 c5
2.Ng1f3 Nb8c6
3.Nb1c3 e6
4.d3 d6
5.Bc1e3 Ng8f6
6.Bf1e2 Bf8e7
7.O-O O-O
8.Rf1e1 e5
9.h3 Bc8e6
10.a3 Nc6d4
11.Be2f1 Qd8d7
12.Be3xd4 cxd4
13.Nf3d2 d5
14.exd5 Nf6xd5
15.Nc3xd5 Be6xd5
16.Re1xe5 Be7f6
17.Re5e1 Rf8e8
18.Nd2e4 Ra8c8
19.Ne4xf6 gxf6
20.Qd1d2 Qd7f5
21.Re1xe8 Rc8xe8
22.Ra1e1 Re8xe1
23.Qd2xe1 Qf5e5
24.Qe1d2 Kg7
25.Qd2e2 Qe5xe2
26.Bf1xe2 b6
27.f4 f5
28.c3 dxc3
29.bxc3 Kg6
30.Kf2 Bd5c6
31.d4 h5
32.c4 Bc6e4
33.Be2f3 h4
34.Ke3 Kf6
35.Bf3xe4 fxe4
36.Kxe4 Ke6
37.f5 Kd6
38.Kf4 b5
39.c5 Kd5
40.Ke3 f6
41.Kd3 a5
42.Kc3 Kc6
43.Kd3 Kd5
44.Kc3 Kc6
45.Kb3 Kd5
46.Kc3 { draw }
1/2-1/2